000 00730nam a2200289Ia 4500
005 20260324123533.0
008 008 260324s9999 xx 000 0 eng d
020 _a9780203842973
037 _aEBOOK
040 _aCRL
040 _beng
040 _cCRL
041 _2eng
041 _aeng
084 _qCRL
100 _aNeil Adams; Giancarlo Cotella; Richard Nunes
_91170684
245 0 _aTerritorial Development, Cohesion and Spatial Planning
245 0 _bBuilding on EU Enlargement
260 _bTaylor and Francis
260 _c2011
365 _a
365 _b290
856 _uhttp://www.taylorfrancis.com/books/9780203842973
942 _cEBOOK
999 _c1764302
_d1764302